Statistics for Songs By Bob Dylan On The 500 Greatest Songs Of All Time List

Click here to take the quiz!

General Stats

  • This quiz has been taken 155 times
  • The average score is 7 of 13

Answer Stats

Number Song % Correct
# 1"Like A Rolling Stone"
95%
# 14"Blowin' In The Wind"
85%
# 68"Tangled Up In Blue"
73%
# 59"The Times They Are A-Changin'"
70%
# 107"Mr. Tambourine Man"
66%
# 192"Knockin' On Heaven's Door"
59%
# 232"Just Like A Woman"
50%
# 413"Visions Of Johanna"
48%
# 340"Subterranean Homesick Blues"
45%
# 187"Desolation Row"
43%
# 373"Highway 61 Revisited"
35%
# 206"Positively 4th Street"
33%
# 260"Mississippi"
17%

Score Distribution

Percentile by Number Answered

Percent of People with Each Score

Your Score History

You have not taken this quiz